| 000 | 00444cam a2200181ua 4500 | ||
|---|---|---|---|
| 001 | 9816 | ||
| 008 | 160907n ii |||gr||||Z||||||eng | ||
| 020 | _a9788125004226 | ||
| 040 | _cMAIN | ||
| 041 | _aeng | ||
| 082 | _a303.4 | ||
| 100 |
_aSrinivas, M.N., _eAuthor. |
||
| 245 |
_aSocial change in modern India _cBy M.N. Srinivas |
||
| 260 |
_aHyderabad: _bOrient longman, _c2008. |
||
| 300 | _a200p. | ||
| 653 | _aSocial processes | ||
| 942 | _cBK | ||
| 999 |
_c8826 _d8826 |
||